[Event "Paris-ch op"]
[Site "Paris"]
[Date "2000.07.16"]
[Round "2"]
[White "Palac, Mladen"]
[Black "Baillon, Olivier"]
[Result "1-0"]
[WhiteElo "2573"]
[BlackElo "2217"]
[PlyCount "61"]
[EventDate "2000.07.15"]
[EventType "swiss"]
[EventRounds "9"]
[EventCountry "FRA"]
[SourceTitle "EXT 2001"]
[Source "ChessBase"]
[SourceDate "2000.11.22"]
[SourceVersion "1"]
[SourceVersionDate "2000.11.22"]
[SourceQuality "1"]

1. e4 Nf6 2. e5 Nd5 3. d4 d6 4. Nf3 Nc6 5. Bb5 a6 6. Bxc6+ bxc6 7. h3 g6 8. 0-0 Bg7 9. Re1 0-0 10. Nbd2 h6 11. c4 Nb6 12. b3 f5 13. a4 g5 14. a5 Nd7 15. Ba3 Re8 16. Qc2 Nf8 17. Nf1 Ng6 18. Ng3 Rf8 19. Nh5 Bh8 20. Rad1 Kh7 21. e6 Qe8 22. Bb2 Ne5 23. dxe5 Qxh5 24. exd6 cxd6 25. Bxh8 Kxh8 26. Nd4 g4 27. hxg4 Qxg4 28. c5 Bb7 29. cxd6 exd6 30. e7 Rg8 31. f3 1-0

[Event "FRA-chT2O 9899"]
[Site "France"]
[Date "1999.01.??"]
[Round "5"]
[White "Valette, Christian"]
[Black "Baillon, Olivier"]
[Result "1/2-1/2"]
[WhiteElo "2120"]
[BlackElo "2230"]
[PlyCount "40"]
[EventDate "1998.??.??"]
[EventType "team"]
[EventRounds "9"]
[EventCountry "FRA"]
[SourceTitle "EXT 2002"]
[Source "ChessBase"]
[SourceDate "2001.11.25"]
[SourceVersion "1"]
[SourceVersionDate "2001.11.25"]
[SourceQuality "1"]

1. d4 e6 2. c4 d5 3. Nf3 f5 4. g3 Nf6 5. Bg2 c6 6. 0-0 Bd6 7. b3 Qe7 8. Bb2 b6 9. Qc1 Bb7 10. a4 a5 11. Ba3 Bxa3 12. Qxa3 Qxa3 13. Nxa3 Ke7 14. Rac1 Na6 15. Ne5 Rac8 16. Rfd1 c5 17. cxd5 Bxd5 18. Nac4 Bxg2 19. Kxg2 Nd5 20. dxc5 Rxc5 1/2-1/2

[Event "FRA-chT2O 9899"]
[Site "France"]
[Date "1998.12.06"]
[Round "4"]
[White "Baillon, Olivier"]
[Black "Druon, Roger"]
[Result "1-0"]
[WhiteElo "2230"]
[BlackElo "2175"]
[PlyCount "109"]
[EventDate "1998.??.??"]
[EventType "team"]
[EventRounds "9"]
[EventCountry "FRA"]
[SourceTitle "EXT 2002"]
[Source "ChessBase"]
[SourceDate "2001.11.25"]
[SourceVersion "1"]
[SourceVersionDate "2001.11.25"]
[SourceQuality "1"]

1. e4 c5 2. Nf3 d6 3. d4 cxd4 4. Qxd4 Bd7 5. Bg5 Nc6 6. Qe3 g6 7. Bc4 Bg7 8. Nbd2 Nf6 9. h3 0-0 10. 0-0 Rc8 11. c3 Qc7 12. Rfe1 a6 13. a3 b5 14. Bf1 Qb7 15. Bh6 Rfe8 16. Bxg7 Kxg7 17. Nb3 Be6 18. Nbd4 Nxd4 19. Nxd4 Bc4 20. e5 dxe5 21. Qxe5 Bxf1 22. Kxf1 Qd5 23. Rad1 Qxe5 24. Rxe5 e6 25. a4 bxa4 26. Ra5 Rc4 27. Rxa6 Rb8 28. Rd2 Ne4 29. Re2 Nc5 30. Rc6 a3 31. b4 Rxc3 32. Rxc5 Rd3 33. Nc6 Rb6 34. Ra2 Rb3 35. Rcc2 Rb2 36. Ne5 R6xb4 37. Nd3 Rb1+ 38. Ke2 R4b3 39. Kd2 Rg1 40. g3 Rgb1 41. Nc1 Rb5 42. Rxa3 Rf5 43. Ke2 h5 44. Rf3 Rbb5 45. Rxf5 Rxf5 46. Nd3 g5 47. Rc5 Rxc5 48. Nxc5 Kf6 49. Ke3 Kf5 50. Ne4 f6 51. f3 Kg6 52. h4 Kf5 53. hxg5 fxg5 54. g4+ hxg4 55. Ng3+ 1-0

[Event "FRA-chT2S 9798"]
[Site "France"]
[Date "1998.??.??"]
[Round "10"]
[White "Baillon, Olivier"]
[Black "Bramme, Emmanuelle"]
[Result "1-0"]
[WhiteElo "2230"]
[BlackElo "2150"]
[PlyCount "69"]
[EventDate "1997.??.??"]
[EventType "team"]
[EventRounds "9"]
[EventCountry "FRA"]
[SourceTitle "EXT 2003"]
[Source "ChessBase"]
[SourceDate "2002.11.25"]
[SourceVersion "1"]
[SourceVersionDate "2002.11.25"]
[SourceQuality "1"]

1. e4 c5 2. Nf3 e6 3. c3 d5 4. e5 Ne7 5. d4 Nbc6 6. a3 cxd4 7. cxd4 Nf5 8. b4 Be7 9. Bb2 Qb6 10. h4 Bd7 11. g4 Nh6 12. Rg1 a6 13. Nc3 Qd8 14. Bd3 Na7 15. g5 Ng8 16. Qe2 Nc8 17. Rc1 Nb6 18. Nd2 Rc8 19. Qe3 Na4 20. Nxa4 Rxc1+ 21. Bxc1 Bxa4 22. Ke2 a5 23. bxa5 Qxa5 24. Nb1 Bb5 25. Nc3 Ba6 26. Bd2 Qb6 27. Rb1 Bxd3+ 28. Qxd3 Qc6 29. Nb5 f6 30. Rc1 Qb6 31. exf6 gxf6 32. g6 hxg6 33. Qxg6+ Kd8 34. a4 Qxd4 35. Nxd4 1-0

[Event "Saint Affrique op 06th"]
[Site "Saint Affrique"]
[Date "1998.??.??"]
[Round "4"]
[White "Fontaine, Robert"]
[Black "Baillon, Olivier"]
[Result "1-0"]
[WhiteElo "2365"]
[BlackElo "2230"]
[PlyCount "39"]
[EventDate "1998.07.??"]
[EventType "swiss"]
[EventRounds "7"]
[EventCountry "FRA"]
[SourceTitle "EXT 2000"]
[Source "ChessBase"]
[SourceDate "1999.11.16"]
[SourceVersion "1"]
[SourceVersionDate "1999.11.16"]
[SourceQuality "1"]

1. e4 Nc6 2. d4 d5 3. e5 Bf5 4. Nf3 Nb4 5. Na3 c5 6. Be2 e6 7. 0-0 c4 8. b3 cxb3 9. axb3 Rc8 10. c4 Nh6 11. c5 Bg4 12. Bg5 f6 13. Bxh6 gxh6 14. Nb5 a6 15. Nd6+ Bxd6 16. exd6 0-0 17. Re1 e5 18. dxe5 Rxc5 19. Qd4 Qb6 20. Qxg4+ 1-0